000 00526nam a2200205Ia 4500
003 GCL
008 140319s9999 xx 000 0 eng d
040 _aGCL /
_cGCL
082 0 4 _a823.912
_bL P
100 1 _aLEVIN, HARRY
245 1 0 _aTHE PORTABLE JAMES JOYCE /
_cLEVIN, HARRY
260 _a[S.N] :
_bPENGUIN BOOKS ،
_c1967
300 _a762 P
650 0 4 _aLITERATURE
650 0 4 _aHISTORY AND CRITICISM
650 0 4 _aENGLISH FICTION
650 0 4 _aJAMES JOYCE
650 0 4 _aLITERATURE - SOCIETY
942 _2ddc
_cBK
999 _c14135
_d14135